000 00320nam a22001337a 4500
003 OSt
005 20231127193251.0
008 231127b |||||||| |||| 00| 0 eng d
040 _cCO-JMCR
082 _aA /
_bHIDm
100 _aHidalgo Manuel
_eautor
_942954
245 _aOtro final /
_cManuel Hidalgo
942 _2ddc
_cBK
999 _c30355
_d16739